000 00476nam a2200205Ia 4500
001 13821
003 GE_BSU
008 181216s||||||||xx |||||||||||||| ||und||
020 _a0195102142
040 _cGE_BSU
080 _a821.111-3
245 _aDetective duos.
245 _cEdited by Marcia Muller and Bill Pronzini.
260 _aOxford.
260 _bOxford University Press.
260 _c1997
300 _a444p;23cm.
653 _aDetective duos.
942 _cBK
999 _c46967
_d46967